Naturaleza jurídica del llamado ` legado en lugar de la legítima` / (Record no. 112488)

MARC details
000 -LEADER
campo de control de longitud fija 00903nam a2200205 4500
001 - NÚMERO DE CONTROL
campo de control 112488
003 - IDENTIFICADOR DE NÚMERO DE CONTROL
campo de control ES-MaACL
005 - FECHA Y HORA DE LA ÚLTIMA TRANSACCIÓN
campo de control 20250809062403.0
007 - CAMPO FIJO DE DESCRIPCIÓN FÍSICA--INFORMACIÓN GENERAL
campo de control de longitud fija t|
008 - DATOS DE LONGITUD FIJA--INFORMACIÓN GENERAL
campo de control de longitud fija 061121s1945 sp r ||||1| spa d
100 1# - ENTRADA PRINCIPAL--NOMBRE DE PERSONA
Nombre de persona Ortega Pardo, Gregorio.
9 (RLIN) 87485
245 10 - MENCIÓN DEL TÍTULO
Título Naturaleza jurídica del llamado ` legado en lugar de la legítima` /
Mención de responsabilidad, etc. Gregorio Ortega Pardo.
260 ## - PUBLICACIÓN, DISTRIBUCIÓN, ETC.
Lugar de publicación, distribución, etc. Madrid :
Nombre del editor, distribuidor, etc. Ministerio de Justicia y Consejo Superior de Investigaciones Científicas,
Fecha de publicación, distribución, etc. 1945.
300 ## - DESCRIPCIÓN FÍSICA
Extensión 175 p. ;
Dimensiones 20 cm.
490 1# - MENCIÓN DE SERIE
Mención de serie Publicaciones del Instituto Nacional de Estudios Jurídicos. Serie 3ª Monografías de Derecho Español ; n. 1
710 2# - ENTRADA AGREGADA--NOMBRE DE ENTIDAD CORPORATIVA
Nombre de entidad corporativa o nombre de jurisdicción como elemento de entrada Instituto Nacional de Estudios Jurídicos (España)
9 (RLIN) 5163
830 00 - PUNTO DE ACCESO ADICIONAL DE SERIE-TÍTULO UNIFORME
Título uniforme Publicaciones del Instituto Nacional de Estudios Jurídicos.
Nombre de parte o sección de la obra Monografías de derecho español
9 (RLIN) 186868
852 ## - LOCALIZACIÓN
Ubicación ES-MaACL
Número de control de estantería C-4522
Sublocalización o colección R.25040
Holdings
Estatus retirado Estado de pérdida Estado de daño No para préstamo Biblioteca de origen Biblioteca actual Ubicación en estantería Fecha de adquisición Fuente de adquisición Total de préstamos Signatura topográfica completa Código de barras Visto por última vez Precio de reemplazo Tipo de ítem Koha
        Biblioteca del Ateneo de Madrid Biblioteca del Ateneo de Madrid Sala Palomar 17/01/2008     C-4522 1117340 23/02/2023 23/02/2023 Libro impreso